Shwabadi's 2021 Songs - Statistics

General Stats
  • This quiz has been taken 3 times
  • The average score is 19 of 67
Answer Stats
Inspired By Song Feature % Correct
Cypher Beasts Of Anime Cypher PE$O PETE, Da-Wolf, Cam Steady, Politicess, Chi-Chi, Connor Quest, FrivolousShara, Diggz Da Prophecy, 954mari, Breeton Boi, Rustage, Mir Blackwell & Ty Wild
100%
Kizaru, Akainu & Aokiji from One Piece Admirals Rustage & Connor Quest
67%
Deltarune Chapters Ham Sandwich
67%
Kaguya-Sama Love Is War Ham Sandwich
67%
Original Twilight yayu & Ty Wild
67%
Jonathan Joestar from Jojo's Bizarre Adventures Ain't About To Break McGwire
33%
Original Angry Exit Politicess, IAMCHRISCRAIG, Mir Blackwell & Ty Wild
33%
Tokoyami from My Hero Academia Blackbird None
33%
Dabi from My Hero Academia Blue Flame Ty Wild
33%
Original Braggadocious GameboyJones, Delta Deez & Breeton Boi
33%
Verse Remix Braggadocious V2 Dan Bull, Connor Quest & Rustage
33%
Chainsaw Man Chainsaw Man Freestyle None
33%
Demon Slayer Devil's Blade Freestyle None
33%
Original End Of The Show None
33%
Aizawa from My Hero Academia Eraserhead IAMCHRISCRAIG & SL!CK
33%
Mob Psycho 100 Esper None
33%
Original Fight Music Sinewave Fox (Gray Fox)
33%
Original Fuck an Intro None
33%
Production Remix Fuck an Intro Silva Hound
33%
Verse Remix Furious Departure Drip$tick, Ciyo, 954mari & PE$O PETE
33%
Goku from Naruto Goku Goku Goku Rustage & Connor Quest
33%
Luffy One Piece I Feel Like Luffy None
33%
Jinx from Arcane: League Of Legends Jinx Breeton Boi
33%
Original Look Like Me None
33%
Original Lucifer Cam Steady (VGRB)
33%
Production Remix Lucifer Inoue-kun & Cam Steady
33%
Madara from Naruto MADARA! JZBEL
33%
Maki from Jujustu Kaisen Maki Camogod
33%
Original Muda Shao Dow
33%
Production Remix Muda OmarCameUp & Shao Dow
33%
Yuji & Gojo from Jujustu Kaisen My Crew Jujustu Kaisen Breeton Boi
33%
Chrollo Lucilfer from Hunter x Hunter Phantom Requim Connor Quest
33%
Vegito from Dragonball Potara Rustage
33%
That Time I Got Reincarnated as a Slime Rimuru Tempest Aerial Ace
33%
Megumi from Jujustu Kaisen Shikigami Life None
33%
Pain from Naruto Shinra Tensei Dedboii Kez
33%
My Hero Academia: Vigilantes Slide Up None
33%
Cowboy Bebop Space Cowboy Hakujin (Ashtin Larold)
33%
Dr. Stone from Dr. Stone Stone Wars Diggz Da Prophecy
33%
Goku, Gohan & Bardock from Dragon Ball Strongest Rustage & Connor Quest
33%
Vinland Saga Thorfinn's Father None
33%
Mikey & Draken from Tokyo Revengers Tokyo Revengers Breeton Boi
33%
Chopper from One Piece Tony Tony Chopper Mir Blackwell
33%
Alucard from Hellsing Ultimate Vampire Omega Sparx
33%
Orochimaru from Naruto Venom IV Frazer
33%
Original Were-Bear None
33%
Shikamaru Nara from Naruto What a Drag Delta Deez
33%
Original What Does Shwabadi Mean? None
33%
Original Why Is You Talking? Aerial Ace
33%
Wonder Egg Priority Wonder Killer Zach B, Ham Sandwich & Chi-Chi
33%
Production Remix Wonder Killer Wyt, Zach B, Ham Sandwich & Chi-Chi
33%
Original 90s Anime None
0%
Original A Horrorcore Song But It Was Written Intentionally To Upset Nerds Freeced
0%
Original Anime Protagonist None
0%
Original Ape None
0%
Production Remix Ape OmarCameUp
0%
Sakuna from Jujustu Kaisen Big Curse Energy None
0%
Kurama from Naruto Bijuu Bomb None
0%
Zoro from One Piece Enma PE$O PETE
0%
Naruto: Shippuden Jinchuriki Khantrast
0%
Original Junji Ito None
0%
Luffy vs Kaido Rap Battle Onigashima PE$O PETE & Breeton Boi
0%
Cypher Otaku International Rap Cypher PFuture, BassedOlaf, DarckStar, Zach B, Stargirl, Louverture, TK RAPS & PE$O PETE
0%
Hinata and Kageyama from Haikyuu Quick Attack Freeced
0%
Yuno from Black Clover Reach The Sky McGwire
0%
Original Real Music None
0%
Legoshi & Louis from Beastars Supposed To Be Ham Sandwich
0%
No matching quizzes found
Score Distribution
Percent of People with Each Score
Percentile by Number Answered
Your Score History
You have not taken this quiz